Predikace mechanických vlastností kovových materiálů na základě struktúrních charakteristik : Sborník přednášek z 4.vědecké konference : Konf. Nové Město na Moravě, SKI-hotel. 23.-26.května 1989

Salvato in:
Dettagli Bibliografici
Natura: Libro
Lingua:ceco
Pubblicazione: Brno : P-ČSVTS při VÚ, 1989
Soggetti:
Tags: Aggiungi Tag
Nessun Tag, puoi essere il primo ad aggiungerne!!

MARC

LEADER 00000nam a22000003a 4500
001 stu40786
005 20150408180541.2
008 930528s1989----cs------------------cze-d
040 |a STU  |b slo 
041 0 |a cze 
044 |a cs 
080 |a 669.018.2(082) 
245 |a Predikace mechanických vlastností kovových materiálů na základě struktúrních charakteristik :  |b Sborník přednášek z 4.vědecké konference : Konf. Nové Město na Moravě, SKI-hotel. 23.-26.května 1989 
260 |a Brno :  |b P-ČSVTS při VÚ,  |c 1989 
300 |a 552 s 
650 7 |a kovy  |2 stusub 
650 7 |a vlastnosti mechanické  |2 stusub 
650 7 |a zborníky  |2 stusub 
996 |b MZ 268  |c M*Z-268  |l MMKN  |s A  |a 24  |w stu40786_0001